Top 20 Superpowers in 1950,2000,2020,2050 and 2100 - Statistics

General Stats
  • This quiz has been taken 283 times
  • The average score is 95 of 100
Answers on the Map
Answers color-coded by a green-red scale on the quiz's map according to % correct below.
 
Answer Stats
Answer % Correct
China
100%
United States
100%
Brazil
99%
France
99%
Germany
99%
India
99%
Russia
99%
United Kingdom
99%
Italy
98%
Japan
98%
Mexico
98%
Spain
98%
Canada
97%
Australia
95%
Turkey
95%
Indonesia
94%
Iran
94%
Saudi Arabia
94%
Argentina
93%
Pakistan
93%
Egypt
92%
South Korea
92%
Poland
91%
Nigeria
89%
Vietnam
87%
Thailand
82%
Philippines
78%
Ethiopia
74%
Netherlands
74%
Angola
32%
No matching quizzes found
Score Distribution
Percent of People with Each Score
Percentile by Number Answered
Your Score History
You have not taken this quiz